000
00345nam a22001577a 4500
005
20160629124349.0
008
160629b xxu||||| |||| 00| 0 eng d
041
_a
eng
082
_b
11029
100
_a
Tagore Rabindra Nath
_9
3125
245
_a
Punascha
260
_b
Viswa Bharti
300
_a
217
650
_a
Management
_9
241
942
_c
BK
999
_c
4665
_d
4663